00610nam a2200169Ia 4500003000900000008004100009040001600050080001500066100002500081245020100106260002900307300001000336650004100346650001600387650002100403650001600424IN-BaIIA211028s9999 xx 000 0 eng d cIIA Library a551.5bSYK aSykes, William Henry 0aDiscussion of meteorological observations taken in India, at various heights, embracing those at Dodabetta on the Neelgherry mountains, at 8640 feet above the level of the seacWilliam Henry Sykes aLondonbJ.E.Taylorc1850 a378p. aAstronomy and Astrophysics Thesaurus aClimatology aEarth Atmosphere aMeteorology